[Event "Charlesbourg Alekhine"]
[Site "Charlesbourg"]
[Date "2013.09.16"]
[Round "3"]
[White "Poulin, Claude"]
[Black "Lessard, Claude"]
[Result "0-1"]
[WhiteElo "1750"]
[BlackElo "2135"]
[PlyCount "80"]
[EventDate "2013.09.02"]
[EventType "swiss"]
[EventRounds "5"]
[EventCountry "CAN"]
[SourceTitle "EXT 2022"]
[Source "ChessBase"]
[SourceDate "2021.10.06"]
[SourceVersion "1"]
[SourceVersionDate "2021.10.06"]
[SourceQuality "1"]

1. c4 e5 2. Nc3 Nf6 3. d3 Bb4 4. Bd2 0-0 5. g3 Nc6 6. Bg2 d6 7. Nf3 Bxc3 8. Bxc3 e4 9. dxe4 Nxe4 10. Rc1 Be6 11. 0-0 Qd7 12. Nd4 Nxc3 13. Rxc3 Bh3 14. Nxc6 Bxg2 15. Kxg2 bxc6 16. Qd2 f5 17. e3 Rf6 18. c5 d5 19. Ra3 g5 20. f4 g4 21. Rc1 h5 22. Rh1 Re6 23. h3 d4 24. Rd1 Qd5+ 25. Kh2 Qf3 26. e4 Qxe4 27. Rd3 Rae8 28. Qf2 Qe2 29. R3d2 Qxf2+ 30. Rxf2 Re2 31. Rd2 Rxf2+ 32. Rxf2 d3 33. Kg1 Re1+ 34. Kg2 gxh3+ 35. Kxh3 Re2 36. Rf1 Kf7 37. Rd1 d2 38. b4 a6 39. a3 Kf6 40. a4 Kg6 0-1